000 01351cam a22003857a 4500
003 CHAP
005 20220329142647.0
008 020816d2002 mx r 00110 spa d
010 _a86112
011 _a87084
035 _a97625
040 _cCHAP
090 _aTesis
100 0 0 _aRamírez Ramírez, Sweetia Paulina.
_994207
245 1 0 _aCambios fisiológicos en postcosecha de Alstroemeria hybrida
_c/por Sweetia Ramírez Ramírez
260 _aChapingo, Méx. :
_bEl autor,
_c2002.
300 _a132 h. :
_bgráfs.
502 _aTesis (M.C. en Horticultura) -- UACH. Departamento de Fitotecnia
590 _aALEPH
_b10
_c20130110
_lUCH01
_h1448
590 _aBATCH-UPD
_b10
_c20130110
_lUCH01
_h0503
590 _aBATCH-UPD
_b10
_c20130110
_lUCH01
_h2145
590 _aBATCH-UPD
_b10
_c20130410
_lUCH01
_h0141
590 _aBATCH-UPD
_b10
_c20130914
_lUCH01
_h0942
590 _aCONVERSION
_b10
_c20130109
_lUCH01
_h1348
650 1 4 _aAcido giberelico
_xEfecto en plantas.
_9587
650 1 4 _aAlstroemeria.
_94655
650 1 4 _aCitocininas.
_923484
650 1 4 _aFlores
_xTecnología postcosecha.
_941409
650 1 4 _aRefrigeración.
_995611
901 _aBK
905 _aMayto Villalobos S.
942 _cFOLL
949 _aTesis
_bBC
_cTES
_d33724000875738
_eTS2
_fc.2
_h39591
_i97625
_si
949 _aTesis
_bBC
_cTES
_d97625123
_eTS1
_h39590
_i97625
_sb
999 _c86112
_d86112